The history of Pamela; or, Virtue rewarded /

Bibliographic Details
Main Author: Richardson, Samuel, 1689-1761
Format: eBook
Language:English
Series:Early American imprints. Evans (1639-1800) ; no. 48595.
Subjects:
Online Access:Evans Digital Edition

MARC

Tag First Indicator Second Indicator Subfields
LEADER 00000cam a2200000 a 4500
001 in00002161621
006 m e d #
007 cr mn mmmmabba
008 821102s1798 nyua js 000 1 eng d
005 20260330192434.9
035 |z w012616 
035 |a MAAR8211021812B 
035 |9 mwa91-20758 
035 |a 344201 
035 |a aas03012616 
040 |a MWA  |c MWA  |e bdrb  |d UtOrBLW 
100 1 |a Richardson, Samuel,  |d 1689-1761. 
240 1 0 |a Pamela 
245 1 4 |a The history of Pamela; or, Virtue rewarded /  |c abridged from the works of S. Richardson, Esq. 
264 3 |a New-York :  |b Printed by T. Kirk, no. 112, Chatham-Street, for Cornelius Davis, no. 94, Water-Street,  |c --1798.-- 
300 |a 90 pages, 2 unnumbered pages :  |b illustrations ;  |c 17 cm. (duodecimo) 
336 |a text  |b txt  |2 rdacontent 
337 |a computer  |b c  |2 rdamedia 
338 |a online resource  |b cr  |2 rdacarrier 
510 4 |a Bristol  |c B10495 
510 4 |a Shipton & Mooney  |c 48595 
510 4 |a Welch, d'A.A. Amer. children's books,  |c 1103.8 
530 |a Microform version available in the Readex Early American Imprints series. 
533 |a Electronic text and image data.  |b [Chester, Vt. :  |c Readex, a division of Newsbank, Inc.,  |d 2002-2004.  |e Includes files in TIFF, GIF and PDF formats with inclusion of keyword searchable text.  |f (Early American imprints. First series ; no. 48595). 
500 |a Electronic resource. 
655 7 |a Novels.  |2 rbgenr 
655 7 |a Juvenile literature  |y 1798.  |2 rbgenr 
752 |a United States  |b New York  |d New York. 
830 0 |a Early American imprints.  |n Series I,  |p Evans (1639-1800) ;  |v no. 48595. 
856 4 1 |u http://proxy.library.tamu.edu/login?url=https://opac.newsbank.com/select/evans/48595  |y Evans Digital Edition  |t 0 
999 |a MARS 
999 f f |s 6ac2b512-fb52-3b1a-bac5-4ddee8168e38  |i 15746504-71b1-31d6-abff-be4478ceb0db  |t 0 
952 f f |a Texas A&M University  |b College Station  |c Electronic Resources  |s www_evans  |d Available Online  |t 0  |h No information provided 
998 f f |t 0  |l Available Online